|
|
|
|
| LEADER |
01774nam a2200457 4500 |
| 001 |
ocn919264564 |
| 003 |
OCoLC |
| 005 |
20180501122026.0 |
| 006 |
m o d |
| 007 |
cr cnu---unuuu |
| 008 |
150827s2015 ne a ob 011 0 eng d |
| 040 |
|
|
|a OPELS
|b eng
|e rda
|e pn
|c OPELS
|d N$T
|d YDXCP
|d D6H
|d VGM
|d DEBBG
|d GrThAP
|
| 019 |
|
|
|a 921216950
|
| 020 |
|
|
|a 9780128022023
|q electronic bk.
|
| 020 |
|
|
|a 0128022027
|q electronic bk.
|
| 020 |
|
|
|a 9780128021231
|
| 020 |
|
|
|a 0128021233
|
| 035 |
|
|
|a (OCoLC)919264564
|z (OCoLC)921216950
|
| 050 |
|
4 |
|a QD96.N8
|
| 072 |
|
7 |
|a SCI
|x 013010
|2 bisacsh
|
| 082 |
0 |
4 |
|a 543/.66
|2 23
|
| 049 |
|
|
|a TEFA
|
| 245 |
0 |
0 |
|a Annual reports on NMR spectroscopy.
|n Volume eighty six /
|c edited by Graham A. Webb.
|
| 264 |
|
1 |
|a Amsterdam :
|b Academic Press,
|c [2015]
|
| 264 |
|
4 |
|c Ã2015
|
| 300 |
|
|
|a 1 online resource :
|b illustrations.
|
| 336 |
|
|
|a text
|b txt
|2 rdacontent
|
| 337 |
|
|
|a computer
|b c
|2 rdamedia
|
| 338 |
|
|
|a online resource
|b cr
|2 rdacarrier
|
| 490 |
1 |
|
|a Annual reports on NMR spectroscopy,
|x 0066-4103 ;
|v volume 86
|
| 504 |
|
|
|a Includes bibliographical references and index.
|
| 588 |
0 |
|
|a Online resource; title from PDF title page (ScienceDirect, viewed August 27, 2015).
|
| 588 |
0 |
|
|a Print version record.
|
| 650 |
|
0 |
|a Nuclear magnetic resonance spectroscopy.
|
| 650 |
|
7 |
|a Nuclear magnetic resonance spectroscopy.
|2 fast
|0 (OCoLC)fst01040333
|
| 650 |
|
7 |
|a SCIENCE / Chemistry / Analytic
|2 bisacsh
|
| 655 |
|
4 |
|a Electronic books.
|
| 700 |
1 |
|
|a Webb, G. A.
|q (Graham Alan),
|d 1935-
|e editor.
|
| 776 |
0 |
8 |
|c Original
|z 9780128021231
|z 0128021233
|w (OCoLC)907120324
|
| 830 |
|
0 |
|a Annual reports on NMR spectroscopy ;
|v v. 86.
|
| 856 |
4 |
0 |
|u https://www.sciencedirect.com/science/bookseries/00664103/86
|z Full Text via HEAL-Link
|